El museo de cera

Wedi'i Gadw mewn:
Manylion Llyfryddiaeth
Prif Awdur: Edwards, Jorge (Awdur)
Fformat: Llyfr
Iaith:Sbaeneg
Cyhoeddwyd: Barcelona Planeta 2000
Rhifyn:1a. ed
Cyfres:Clásicos de Nuestro Tiempo, 5
Pynciau:
Tagiau: Ychwanegu Tag
Dim Tagiau, Byddwch y cyntaf i dagio'r cofnod hwn!

MARC

LEADER 00000nam a2200000 a 4500
001 UCI6538
003 CL-VaPUC
008 080509e20000000SP |||||||||||||||||spa|d
020 |a 8408464205 
082 0 4 |a Ch863  |b EDW  |2 21 
100 0 |a Edwards, Jorge  |e author  |9 371556 
245 1 3 |a El museo de cera 
250 |a 1a. ed 
300 |a 156 p 
942 |c BK 
945 |d 20080509 00:00:00  |a jtorresc 
260 |a Barcelona  |b Planeta  |c 2000 
650 0 |a Literatura chilena   |9 308278 
650 0 |a Novelas chilenas   |9 265425 
583 |a last modification  |c 20080509 00:00:00  |k Rodrigo Vera 
490 0 |a Clásicos de Nuestro Tiempo, 5 
999 |c 330011  |d 330009